A.F.J.P. medición y evaluación de la perfomance financiera (Registro nro. 18394)

Detalles MARC
000 -LEADER
fixed length control field 00412 a2200109 4500
001 - CONTROL NUMBER
control field ART_42744
005 - DATE AND TIME OF LATEST TRANSACTION
control field 20260410161737.0
008 - FIXED-LENGTH DATA ELEMENTS--GENERAL INFORMATION
fixed length control field 260409a
100 1# - MAIN ENTRY--PERSONAL NAME
Personal name Marcel, Alberto E.
245 10 - TITLE STATEMENT
Title A.F.J.P. medición y evaluación de la perfomance financiera
773 0# - HOST ITEM ENTRY
Title Ejecutivos de finanzas
Related parts A.F.J.P. Medición y evaluación de la perfomance financiera - Año 12, Nº 131 (nov. 1996)
Record control number REV2863

No hay ítems disponibles.